000 00580nam a22001817a 4500
005 20231116144648.0
008 231116b |||||||| |||| 00| 0 eng d
020 _a0620073470
041 _aEnglish
082 _a343.8 MIL
100 _aMillin, P and Wille, G
_lEnglish
245 _aWille and Millin's Mercantile Law of South Africa /
_cP Millin and G Wille
250 _aEighteenth Edition
260 _aJohannesburg :
_bHortors Limited,
_c1984
300 _bciv, 951 pages ;
_c26 cm.
650 _aLegal practice
_bLaw
942 _cBK
_6ALISON_BN_VRIES
999 _c743
_d743